000 01218naa a22003017a 4500
001 BR8707698
003 BR-BrBNA
005 20240918175902.0
007 ta
008 230509b bl.||||| |||| 00| 0 por d
040 _aBR-BrBNA
_bpor
_cBiblioteca Nacional de Agricultura
041 _a(Pt)
072 _aF06
_b/G514
090 _aF06 BR8707698
100 1 _aCarvalho, H.O.
100 1 _aSoares, J.M.
111 1 _a7. Congresso Nacional de Irrigacao e Drenagem
_cBrasilia, DF (Brazil)
_d21 Sep 1986
245 1 _aEficiencia de irrigacao por sulcos a nivel de parcela no sistema de irrigacao de Bebedouro [Petrolina, Pernambuco]
246 1 _a[Efficiency of furrow irrigation in Bebedouro]
246 1 _a[Annals of the 7th National Congress on Irrigation and Drainage]
260 3 _aBrasilia, DF (Brasil):
_c1986.
500 _aAnais do 7. Congresso Nacional de Irrigacao e Drenagem Brasilia, DF (Brasil): 1986. v. 2 p. 461-492 (BR8707698-AM)F06
650 _aIRRIGACAO POR SULCO
650 _aBEBEDOURO
773 0 _tAnais do 7. Congresso Nacional de Irrigacao e Drenagem
_wF06 BR8707698
_gBrasilia, DF (Brasil), 1986. v. 2 p. 461-492
909 _a202404
_bLucia
_c55
_dLucia Elande
942 _cAM
_2AGRIS
999 _c318603
_d318603